Formule 1 - Les Grands Prix de 2025 - Statistiques

Statistiques générales
  • Ce quiz a été pris 7 587 fois
    5 054 depuis la dernière actualisation
  • Le résultat moyen est 21 sur 24
Statistiques - réponses
Mois Pays du GP % Correct
Mars Australie
95%
Mai États-Unis
94%
Octobre États-Unis
94%
Novembre États-Unis
94%
Mai Italie
93%
Septembre Italie
93%
Avril Japon
93%
Mars Chine
92%
Juin Espagne
92%
Mai Monaco
91%
Juillet Belgique
89%
Juillet Royaume-Uni
88%
Novembre Brésil
87%
Octobre Mexique
84%
Août Pays-Bas
84%
Novembre Qatar
84%
Avril Arabie Saoudite
82%
Juin Canada
82%
Avril Bahreïn
79%
Juin Autriche
76%
Août Hongrie
74%
Octobre Singapour
74%
Décembre Émirats Arabes Unis
70%
Septembre Azerbaïdjan
69%
Aucun quiz correspondant
Distribution des résultats
% des personnes avec chaque résultat
Percentile par nombre de réponses
Votre historique - résultats
Vous n’avez pas pris ce quiz depuis la dernière actualisation